[Event "CRI-ch"]
[Site "San Jose"]
[Date "2024.01.14"]
[Round "9"]
[White "Urbina Quiroz, Edwin"]
[Black "Villegas Rodriguez, Jeremy"]
[Result "1-0"]
[WhiteElo "2078"]
[BlackElo "1579"]
[PlyCount "63"]
[EventDate "2024.01.06"]
[EventType "swiss"]
[EventRounds "9"]
[EventCountry "CRI"]
[SourceTitle "CB05_2024"]
[SourceDate "2024.01.31"]
[SourceVersion "1"]
[SourceVersionDate "2024.01.31"]
[SourceQuality "1"]

1. e4 g6 2. d4 Bg7 3. Nf3 d6 4. h3 c5 5. Nc3 cxd4 6. Nxd4 a6 7. Bc4 e6 8. a4 Ne7 9. Be3 0-0 10. Qd2 Qc7 11. Bb3 b6 12. h4 Nbc6 13. h5 Nxd4 14. Bxd4 Bxd4 15. Qxd4 Qc5 16. Qf6 Ra7 17. hxg6 Nxg6 18. 0-0-0 Qe5 19. Qf3 f5 20. Qd3 Rd7 21. exf5 Rxf5 22. Rde1 Qf4+ 23. Kb1 Re7 24. g3 Qf3 25. Qxd6 Kg7 26. Qd4+ e5 27. Qd8 Rf8 28. Qd2 Qxf2 29. Rxh7+ Kxh7 30. Rh1+ Nh4 31. Rxh4+ Kg6 32. Qh6+ 1-0

[Event "World Cup U18 Prel"]
[Site "Tornelo INT"]
[Date "2021.08.19"]
[Round "7"]
[White "Villegas Rodriguez, Jeremy"]
[Black "Lane, Ryan"]
[Result "0-1"]
[WhiteElo "1504"]
[BlackElo "1865"]
[PlyCount "92"]
[EventDate "2021.08.16"]
[EventType "swiss (rapid)"]
[EventRounds "10"]
[EventCountry "NET"]
[SourceTitle "CBM 203 Extra"]
[Source "ChessBase"]
[SourceDate "2021.09.30"]
[SourceVersion "1"]
[SourceVersionDate "2021.09.30"]
[SourceQuality "1"]

1. e4 e5 2. Nf3 Nc6 3. Bc4 Bc5 4. 0-0 Nf6 5. d3 h6 6. a4 d6 7. c3 a5 8. Be3 Ba7 9. Bxa7 Rxa7 10. Nbd2 0-0 11. h3 Ne7 12. d4 Ng6 13. Re1 c6 14. Nf1 Nh5 15. Nxe5 Qg5 16. Nf3 Qe7 17. Ng3 Nhf4 18. Nf5 Qf6 19. Ng3 d5 20. e5 Qe6 21. Bd3 Ra8 22. Bf5 Qe7 23. Qd2 Be6 24. Bxe6 fxe6 25. Ne2 Nxh3+ 26. Kf1 Rxf3 27. gxf3 Qh4 28. Ng3 Nhf4 29. Rec1 Qh3+ 30. Ke1 Nh4 31. Qe3 Nhg2+ 32. Kd2 Nxe3 33. Kxe3 Ng2+ 34. Ke2 Qh4 35. Rh1 Nf4+ 36. Ke3 Qg5 37. Rag1 Nh3+ 38. Ke2 Nxg1+ 39. Rxg1 Rf8 40. Rh1 Qf4 41. Rh2 Qxf3+ 42. Kd2 Qf4+ 43. Kc2 Qg4 44. Rg2 Qh3 45. Rg1 Rxf2+ 46. Kb1 Rg2 0-1